| 000 | 00402nam a22001697a 4500 | ||
|---|---|---|---|
| 005 | 20180703155711.0 | ||
| 008 | 160429b xxu||||| |||| 00| 0 eng d | ||
| 020 | _a81-219-1801-4 | ||
| 041 | _aeng | ||
| 082 |
_b00945 _a658.11 |
||
| 100 |
_aKhanka S .S. _9279 |
||
| 245 | _aEntrepreneurial Development | ||
| 260 |
_bS Chande co. Ltd. _c2010 |
||
| 300 | _a405 | ||
| 650 |
_aManagement _9241 |
||
| 942 | _cBK | ||
| 999 |
_c320 _d320 |
||